Technológia výtvarných materiálov a náuka o farbách
| Hlavní autor: | Hapák, Štefan, 1921-1997 |
|---|---|
| Jazyk: | Čeština |
| Vydáno: |
Bratislava, 1960 |
| LEADER | 00529nam a22001692a 4500 | ||
|---|---|---|---|
| 001 | 000139672 | ||
| 003 | CZ BrMZK | ||
| 005 | 19961101143423.0 | ||
| 007 | ta | ||
| 008 | 950101s1960 xo f cze d | ||
| 040 | |a BOA001 |b cze | ||
| 100 | 1 | |a Hapák, Štefan, |d 1921-1997 |7 mzk2002140114 | |
| 245 | 1 | 0 | |a Technológia výtvarných materiálov a náuka o farbách |
| 260 | |a Bratislava, |c 1960 | ||
| 910 | |a BOA001 |b 4-0385.627-60 | ||
| 990 | |a BK | ||
| 996 | 7 | |b 2619951955 |c 4-0385.627-60 |l MZK |r Sklad / do 24 hodin |n 7 |w 000139672 |u 000010 |a 1 |e BOA001 |j MZK50 |s A | |
English
Čeština 